Valls : capital de l'Alt Camp de Tarragona / F. Ballester i Castelló capital de l'Alt Camp de Tarragona / F. Ballester i Castelló
Descripción Física:
29 p. ; 24 cm
Materias:
Valls (Catalunya)
MARC
| LEADER | 00000nam a2200000Ia 4500 | ||
|---|---|---|---|
| 001 | 18503 | ||
| 008 | 160829s1932 xx 000 0 cat d | ||
| 080 | |a 3856, exp. 1 | ||
| 100 | |a Ballester i Castelló, F. |9 48055 | ||
| 245 | |a Valls : |b capital de l'Alt Camp de Tarragona / F. Ballester i Castelló | ||
| 260 | |a Valls : |b [s.n], |c 1932 | ||
| 300 | |a 29 p. ; |c 24 cm | ||
| 590 | |a A la coberta: Comarques catalanes | ||
| 651 | 0 | |a Valls (Catalunya) |9 55546 | |
| 901 | |a Arxiu | ||
| 942 | |n 1 | ||
| 952 | |0 0 |1 0 |4 0 |6 3856_EXP_1 |7 1 |9 54433 |a Arxiu |b Arxiu |d 2016-12-01 |l 0 |o 3856, exp. 1 |p 18503 |r 2016-12-01 00:00:00 |w 2016-12-01 |y ARXIU | ||
| 999 | |c 58302 |d 58302 | ||